|
|
|
|
| LEADER |
00868nab a2200205 i 4500 |
| 001 |
misc55808 |
| 005 |
20221025130804.0 |
| 008 |
200508s1953 hu o 0|| rus d |
| 040 |
|
|
|a SZTE Miscellanea Repozitórium
|b hun
|
| 041 |
|
|
|a rus
|
| 100 |
1 |
|
|a Avrorin Valentin Aleksandrovič
|
| 245 |
1 |
0 |
|a Ob ošibkah v osveŝenii nekotoryh voprosov grammatičeskogo stroâ nanajskogo âzyka i ego istorii
|h [elektronikus dokumentum] /
|c Avrorin Valentin Aleksandrovič
|
| 260 |
|
|
|a Izdatel'stvo Akademii Nauk SSSR
|b Moskva ; Leningrad
|c 1953
|
| 300 |
|
|
|a 107-130
|
| 490 |
0 |
|
|a Doklady i soobŝeniâ Instituta âzykoznaniâ AN SSSR
|v 1953 No. 9
|
| 561 |
|
|
|a Németh Gyula hagyaték
|
| 650 |
|
4 |
|a Bölcsészettudományok
|
| 650 |
|
4 |
|a Nyelvek és irodalom
|
| 695 |
|
|
|a Nanaj nyelv, Nanaj nyelvtörténet
|
| 856 |
4 |
0 |
|u http://misc.bibl.u-szeged.hu/55808/1/164_noa_a97.pdf
|z Dokumentum-elérés
|